00736nam a22001937a 450000500170000001000150001702000260003203500140005803700140007208200140008624502220010026000450032227000670036730000280043450000240046270000190048670000180050570000190052320180410151652.0 aENG-122539 a9780199476466c950.00 aEN-106071 bDBAD/PUB. a915.16044 aThirteen months in china:ced. by Anand A. Yang; tr. by Anand A. Yang; Kamal Sheel [and] Ranjana Sheelba subaltern indian and the colonial world-an annotated translation of thakur gadadhar singh's chin me terah mas / aNew DelhibOxford University Pressc2017 a2/11 Ground Floor, Ansari Road, Darya Ganj,bNew Delhie110002 a326p.bill. c22cm.(Hb) aIncludes and index dYang, Anand A. dSheel, Kamal  dSheel, Ranjana